| 000 | 00461nam a2200181Ia 4500 | ||
|---|---|---|---|
| 008 | 180424s9999 xx 000 0 und d | ||
| 020 | _a138543240 | ||
| 084 | _a510.78 D30 | ||
| 100 | _a"Downs, Ed" | ||
| 245 | 0 | _aStructured Systems Analysis and Design Method | |
| 250 | _a\\198800ENGGPSX | ||
| 260 | _aPrentice Hall | ||
| 260 | _b1988 | ||
| 260 | _cEnglewood Cliffs | ||
| 300 | _aviii+215p | ||
| 500 | _aincludes index and biblioraphy | ||
| 942 | _cBK | ||
| 999 |
_c51393 _d51393 |
||